=LDR 00000nam 2200000 4500 =001 INLIS000000000037892 =005 20140508113728.0 =006 =007 =008 Ind =035 ##$$0010-061300000037892 =041 ##$$a Ind =082 ##$$a 813.087 2 =090 ##$$a 813.087 2, Kur l =100 ##$$a Kurniawan, Eka =245 ##$$a lelaki harimau, Eka Kurniawan =260 ##$$a 2004 $b Jakarta =300 ##$$a 193 hlm, 23 cm =650 ##$$a Fiksi Indonesia =850 ##$$a NBPNMAT =990 ##$$a 0001/BPAP-NTB/20142014